[Event "Torino SST Junior-Senior (giallo)"]
[Site "Torino"]
[Date "2012.02.23"]
[Round "5"]
[White "Colangelo, Mose"]
[Black "Mazzetta, Renato"]
[Result "1-0"]
[WhiteElo "1751"]
[BlackElo "1939"]
[PlyCount "109"]
[EventDate "2011.10.20"]
[EventType "schev"]
[EventRounds "8"]
[EventCountry "ITA"]
[SourceTitle "EXT 2018"]
[Source "ChessBase"]
[SourceDate "2017.10.13"]
[SourceVersion "1"]
[SourceVersionDate "2017.10.13"]
[SourceQuality "1"]

1. d4 d5 2. c4 e6 3. Nc3 Nf6 4. Bg5 Be7 5. Nf3 c6 6. cxd5 exd5 7. e3 Nbd7 8. Bd3 0-0 9. 0-0 Re8 10. a3 Ne4 11. Bf4 Ndf6 12. Nd2 Bf5 13. Qc2 Bd6 14. Bxd6 Qxd6 15. Bxe4 Bxe4 16. Ncxe4 Nxe4 17. Nxe4 Rxe4 18. b4 f5 19. Qc5 Qe7 20. Qxe7 Rxe7 21. a4 a5 22. bxa5 Rxa5 23. Rfb1 c5 24. dxc5 Rxc5 25. Rb5 Rec7 26. Rxc5 Rxc5 27. h3 Kf7 28. Rb1 Rc7 29. Rb5 Ke6 30. f4 Kd6 31. Kh2 Kc6 32. Kg3 Re7 33. Kf3 b6 34. Rb1 Re4 35. Rc1+ Rc4 36. Ra1 Kb7 37. Rd1 Rc5 38. Rd4 Kc6 39. Rd1 Rc4 40. Ra1 Kc5 41. Ra2 d4 42. exd4+ Rxd4 43. Ke3 Re4+ 44. Kf3 Rc4 45. a5 b5 46. a6 Rc3+ 47. Kf2 Kd4 48. a7 Rc8 49. a8Q Rxa8 50. Rxa8 b4 51. Ke2 Kc3 52. Kd1 Kb2 53. Rb8 b3 54. Kd2 Ka2 55. Kc3 1-0

[Event "Torino SST Junior-Senior (giallo)"]
[Site "Torino"]
[Date "2011.11.17"]
[Round "2"]
[White "Settis, Massimo"]
[Black "Colangelo, Mose"]
[Result "1-0"]
[WhiteElo "1969"]
[BlackElo "1808"]
[PlyCount "79"]
[EventDate "2011.10.20"]
[EventType "schev"]
[EventRounds "8"]
[EventCountry "ITA"]
[SourceTitle "EXT 2018"]
[Source "ChessBase"]
[SourceDate "2017.10.13"]
[SourceVersion "1"]
[SourceVersionDate "2017.10.13"]
[SourceQuality "1"]

1. c4 Nf6 2. g3 g6 3. Bg2 Bg7 4. Nc3 d6 5. e4 0-0 6. Nge2 Nc6 7. 0-0 e5 8. d3 Bg4 9. f3 Be6 10. Nd5 Ne7 11. Bg5 Nfxd5 12. cxd5 Bd7 13. Qd2 f5 14. Rac1 Rf7 15. Qb4 c5 16. Qxb7 Rb8 17. Qxa7 Ra8 18. Qb7 Rb8 19. Qa6 Bb5 20. Qa3 Ra8 21. Qb3 Qb6 22. Kh1 Qa6 23. Nc3 Bxd3 24. Rfd1 Nc8 25. Rd2 h6 26. Be3 f4 27. Bg1 fxg3 28. hxg3 Rfa7 29. Bh3 Ne7 30. Be3 Bc4 31. Qd1 Bxa2 32. Be6+ Kh8 33. Ra1 Qc4 34. Qf1 Qxf1+ 35. Rxf1 Bc4 36. Rg1 Ra1 37. Rh2 h5 38. Bg5 Ng8 39. g4 Bf6 40. Bc1 1-0

[Event "Torino SST Junior-Senior (giallo)"]
[Site "Torino"]
[Date "2011.10.20"]
[Round "1"]
[White "Colangelo, Mose"]
[Black "Giacometto, Mario"]
[Result "1-0"]
[WhiteElo "1808"]
[BlackElo "2004"]
[PlyCount "123"]
[EventDate "2011.10.20"]
[EventType "schev"]
[EventRounds "8"]
[EventCountry "ITA"]
[SourceTitle "EXT 2018"]
[Source "ChessBase"]
[SourceDate "2017.10.13"]
[SourceVersion "1"]
[SourceVersionDate "2017.10.13"]
[SourceQuality "1"]

1. d4 Nf6 2. c4 g6 3. Nc3 Bg7 4. e4 d6 5. Nf3 0-0 6. Be2 e5 7. dxe5 dxe5 8. Qxd8 Rxd8 9. Bg5 Re8 10. 0-0-0 c6 11. Rd2 h6 12. Bh4 Be6 13. Nxe5 Nxe4 14. Nxe4 Bxe5 15. Nf6+ Bxf6 16. Bxf6 Nd7 17. Bd4 c5 18. Bc3 Nb6 19. b3 Rad8 20. Bf3 Rxd2 21. Bxd2 h5 22. Bxb7 Rb8 23. Bc6 Nd7 24. Bxd7 Bxd7 25. Be3 Rc8 26. Rd1 Be6 27. Rd6 h4 28. Bf4 h3 29. g3 Bf5 30. Bg5 Rc7 31. Bf6 Bd7 32. Be5 Rb7 33. Rd5 g5 34. Rxc5 g4 35. Rc7 Rxc7 36. Bxc7 Kf8 37. b4 a6 38. Kd2 Ke7 39. Kd3 Bf5+ 40. Kd4 Kd7 41. Be5 Kc6 42. a4 Bd7 43. Bf6 Kb6 44. Bd8+ Kb7 45. b5 axb5 46. axb5 Kc8 47. Bg5 Kc7 48. Ke5 Be6 49. c5 Bc4 50. b6+ Kc6 51. Kf4 Be6 52. Bf6 Bc8 53. f3 gxf3 54. Bd4 Kd5 55. Be3 Bb7 56. Kxf3 Ke5+ 57. Kg4 Ke4 58. Bg1 Bc8+ 59. Kh4 Kf3 60. c6 Kg2 61. b7 Be6 62. b8Q 1-0